• 首页
  • 本馆介绍
  • 公告通知
  • 最新文献
  • 馆藏检索
  • 电子资源
  • 读者导购
  • 参考咨询
  • 我的图书馆
  • 登录
  • 详细信息显示
  • 放入我的书架
  • 预约/预借图书
  • 作者相关作品
  • 分类相关作品
  • 丛书相关作品
  • 出版社相关作品

书目信息

  • 表格格式
  • 工作单格式
  • 卡片格式
题名:
全球化时代知识产权犯罪及其防治
    
 
作者: 卢建平 , 翁跃强 主编
分册:  
出版信息: 北京   北京师范大学出版社  2008
页数: 417页
开本: 24cm
丛书名:
单 册:
中图分类: D914.04
科图分类:
主题词: 知识产权--刑事犯罪--研究--世界 , 知识产权 , 刑事犯罪
电子资源:
ISBN: 978-7-303-09651-0
000 00975nam0 2200265 45
001 1029807234
005 20100428144009.95
010    @a978-7-303-09651-0@dCNY45.00
100    @a20100419d2008 em y0chiy50 ea
101 0  @achi
102    @aCN@b110000
105    @ay z 000yy
106    @ar
200 1  @a全球化时代知识产权犯罪及其防治@AQuan Qiu Hua Shi Dai Zhi Shi Chan Quan Fan Zui Ji Qi Fang Zhi@f卢建平,翁跃强主编@FLu Jian Ping, Weng Yue Qiang Zhu Bian
210    @a北京@c北京师范大学出版社@d2008
215    @a417页@d24cm
330    @a本书有四个部分,内容包括:知识产权犯罪的犯罪学揭示、知识产权犯罪的刑事实体法应对、知识产权刑事保护的实务问题、知识产权刑事保护的比较借鉴与立法完善。
606 0  @a知识产权@x刑事犯罪@x研究@y世界
606 0  @a知识产权
606 0  @a刑事犯罪
690    @aD914.04@v4
701  0 @a卢建平@ALu Jian Ping@4主编
701  0 @a翁跃强@AWeng Yue Qiang@4主编
801  0 @aCN@bTANGWEI@c20100428
905    @b0592476-80@dD914.04@e433@f5
    
    全球化时代知识产权犯罪及其防治/卢建平,翁跃强主编.-北京:北京师范大学出版社,2008
    417页;24cm
    
    
    ISBN 978-7-303-09651-0:CNY45.00
    本书有四个部分,内容包括:知识产权犯罪的犯罪学揭示、知识产权犯罪的刑事实体法应对、知识产权刑事保护的实务问题、知识产权刑事保护的比较借鉴与立法完善。
●
相关链接 在E读中查询图书 在五车中查询图书 在当当中查询图书 在豆瓣中查询图书


正题名:全球化时代知识产权犯罪及其防治     索取号:D914.04/433         预约/预借

序号 登录号 条形码 馆藏地/架位号 状态 备注
1 0592476   205924767   第一样本阅览室/ [索取号:D914.04/433] 在馆    
2 0592477   205924776   第一借阅区/ [索取号:D914.04/433] 在馆    
3 0592478   205924785   第一借阅区/ [索取号:D914.04/433] 在馆    
4 0592479   205924794   第一借阅区/ [索取号:D914.04/433] 在馆    
5 0592480   205924801   第一借阅区/ [索取号:D914.04/433] 在馆    
唐山师范学院图书馆 欢迎您!
大连网信软件有限公司© 版权所有